000 00430nam a2200145Ia 4500
008 231129s2010||||xx |||||||||||||| ||spa||
020 _a978-958-9177-35-8
040 _bspa
082 _a 394.5 S955s
100 _aMinisterio de Cultura
245 0 _aSúmese a la expedición botánica
260 _c2010
264 _aMinisterio de Cultura; Biblioteca Nacional de Colombia
942 _2ddc
_cBKS
999 _c24914
_d24914